Textbook of Mental Health / Psychiatric Nursing for BSc Nursing Students (Record no. 359548)

MARC details
000 -LEADER
fixed length control field 00488nam a22001697a 4500
005 - DATE AND TIME OF LATEST TRANSACTION
control field 20240828112313.0
008 - FIXED-LENGTH DATA ELEMENTS--GENERAL INFORMATION
fixed length control field 240828b |||||||| |||| 00| 0 eng d
020 ## - INTERNATIONAL STANDARD BOOK NUMBER
International Standard Book Number 978-93-94525-18-4
041 ## - LANGUAGE CODE
Language code of text/sound track or separate title English
082 ## - DEWEY DECIMAL CLASSIFICATION NUMBER
Classification number PS 610.7365 PRA DB1307
100 ## - MAIN ENTRY--PERSONAL NAME
Author Prakash P
245 ## - TITLE STATEMENT
Title Textbook of Mental Health / Psychiatric Nursing for BSc Nursing Students
250 ## - EDITION STATEMENT
Edition statement 2nd ed.
260 ## - PUBLICATION, DISTRIBUTION, ETC.
Place of publication, distribution, etc. New Delhi
Name of publisher, distributor, etc. CBS Publishers & Distributors Pvt. Ltd.
Date of publication, distribution, etc. 2024
300 ## - PHYSICAL DESCRIPTION
Extent 656p
942 ## - ADDED ENTRY ELEMENTS (KOHA)
Koha item type Donated Book
Holdings
Withdrawn status Lost status Source of classification or shelving scheme Damaged status Not for loan Home library Current library Date acquired Net Price Bill number Total Checkouts Total Renewals Full call number Barcode Date due Date last seen Date last checked out Bill Date Koha item type Original Barcode Vendor Actual Price
    Dewey Decimal Classification     Sitabai Nargundkar College of Nursing Nagpur Sitabai Nargundkar College of Nursing Nagpur 07/05/2025 817.00   8   610.7365 /PRA SNCN-DB-276   09/03/2026 25/02/2026 06/05/2025 Donated Book   Donated by Vaishnavi Rajuji Bawanthade 817.00
    Dewey Decimal Classification     Smt. Bakul Tambat Institute of Nursing Education Smt. Bakul Tambat Institute of Nursing Education 08/08/2024 1095.00 IK#2024-25#129 19 18 PS 610.7365 PRA DB1307 BTIN-DB-1307 08/04/2026 25/03/2026 25/03/2026 08/08/2024 Donated Book DB1307